BIBLIOTECA

SENCICO

Cálculo de redes topográficas para la construcción de túneles de gran longitud para ferrocarriles / (Registro nro. 4232)

Detalles MARC
000 -LEADER
fixed length control field 01055nam a22002417a 4500
003 - CONTROL NUMBER IDENTIFIER
control field PE SENCICO BE
005 - DATE AND TIME OF LATEST TRANSACTION
control field 20251020182639.0
008 - FIXED-LENGTH DATA ELEMENTS--GENERAL INFORMATION
fixed length control field 230710b |||||||| |||| 00| 0 eng d
040 ## - CATALOGING SOURCE
Original cataloging agency PE SENCICO BE
Transcribing agency PE SENCICO BE
084 ## - OTHER CLASSIFICATION NUMBER
Classification number I
-- TOP
-- 2015
Item number H83
100 1# - MAIN ENTRY--PERSONAL NAME
9 (RLIN) 1219
Personal name Huamani Rivera, Julian
Relator term autor
245 1# - TITLE STATEMENT
Title Cálculo de redes topográficas para la construcción de túneles de gran longitud para ferrocarriles /
Statement of responsibility, etc. Julian Huamani Rivera
260 ## - PUBLICATION, DISTRIBUTION, ETC.
Place of publication, distribution, etc. Lima :
Date of publication, distribution, etc. 2015
300 ## - PHYSICAL DESCRIPTION
Extent 91 h. :
Other physical details il. col., diagrs. ;
Dimensions 29 cm.
502 ## - DISSERTATION NOTE
Dissertation note Monografía de Titulación.-- Servicio Nacional de Capacitación para la Industria de la Construcción. Escuela Superior Técnica. Carrera Profesional Técnica en Topografía y Geodesía, 2015.
650 14 - SUBJECT ADDED ENTRY--TOPICAL TERM
9 (RLIN) 4
Topical term or geographic name entry element Topografía
650 24 - SUBJECT ADDED ENTRY--TOPICAL TERM
9 (RLIN) 1173
Topical term or geographic name entry element Construcción de túneles
650 24 - SUBJECT ADDED ENTRY--TOPICAL TERM
9 (RLIN) 116
Topical term or geographic name entry element Levantamiento topográfico
650 24 - SUBJECT ADDED ENTRY--TOPICAL TERM
9 (RLIN) 2
Topical term or geographic name entry element Geodesia
710 1# - ADDED ENTRY--CORPORATE NAME
Corporate name or jurisdiction name as entry element Servicio Nacional de Capacitación para la Industria de la Construcción.
Subordinate unit Escuela Superior Técnica
9 (RLIN) 1065
910 ## - USER-OPTION DATA (OCLC)
-- hfp
-- hfp
942 ## - ADDED ENTRY ELEMENTS (KOHA)
Koha item type Monografía de Titulación
Existencias
Fecha de la última vez que lo usaron Número de ingreso o de inventario Pago total Signatura topográfica completa Precio efectivo desde Tipo de documento Estado perdido Estado dañado No es para préstamo Retirado Ubicación permanente Ubicación actual Fecha de adquisición
10/07/2023 I-00070   I/TOP/2015/H83 10/07/2023 Monografía de Titulación         Biblioteca Central Lima Biblioteca Central Lima 10/07/2023